| 000 | 01066nam a22002895a 4500 | ||
|---|---|---|---|
| 003 | EG-ScBUE | ||
| 005 | 20250206120803.0 | ||
| 008 | 170705s2024 ua f 000 j ara d | ||
| 017 | _a2021 / 10033 | ||
| 020 | _a9789770936894 | ||
| 040 |
_aEG-ScBUE _bara _erda _cEG-ScBUE _dEG-ScBUE |
||
| 082 | 0 | 4 |
_222 _a892.737 _bق ن د |
| 100 | 1 |
_aقنديل، محمد المنسي، _eمؤلف. _928133 |
|
| 245 | 1 | 0 |
_aوقائع عربية : _bحكايات كثيرة من الزمن العربي / _cمحمد المنسي قنديل. |
| 250 | _aالطبعة الرابعة. | ||
| 264 | 1 |
_aالقاهرة : _bدار الشروق، _c2024. |
|
| 300 |
_a500 صفحة ؛ _c24 سم |
||
| 336 |
_2rdacontent _aنص _btxt |
||
| 337 |
_2rdamedia _aبدون وسيط _bn |
||
| 338 |
_2rdacarrier _aمجلد _bnc |
||
| 541 | _aBook Fair 2025. | ||
| 650 | 7 |
_aالقصص التاريخية العربية _zمصر _yقرن 21. _2BUEsh |
|
| 651 | 7 |
_2BUEsh _aالبلاد العربية _xتاريخ _vقصص. |
|
| 653 |
_bARALIT _cFebruary2025 |
||
| 655 | _vReading book | ||
| 942 | _2ddc | ||
| 999 |
_c30866 _d30837 |
||